Size of households and income disparities
Salvato in:
| Autore principale: | |
|---|---|
| Natura: | Libro |
| Lingua: | inglese |
| Pubblicazione: |
New Haven
Yale University
1981
|
| Serie: | Center Paper
No. 307 |
| Tags: |
Nessun Tag, puoi essere il primo ad aggiungerne!!
|
MARC
| LEADER | 00000nam a2200000 4500 | ||
|---|---|---|---|
| 001 | c128882 | ||
| 005 | 20181203150425.5 | ||
| 041 | 0 | |a eng | |
| 044 | |a US | ||
| 245 | 1 | 0 | |a Size of households and income disparities |c Simon Kuznets |
| 264 | 1 | |a New Haven |b Yale University |c 1981 | |
| 300 | |a 40 s. | ||
| 490 | 1 | |a Center Paper |v No. 307 | |
| 830 | 0 | |a Center Paper |v No. 307 | |
| 100 | 1 | |a Kuznets, Simon | |